| 000 | 00442nam a2200157Ia 4500 | ||
|---|---|---|---|
| 008 | 230312s9999||||xx |||||||||||||| ||und|| | ||
| 020 | _a81-7758-875-3 | ||
| 082 |
_a006.3 _bLUG-A |
||
| 100 | _aLuger George , F. | ||
| 245 | 0 | _aArtificial Intelligence | |
| 260 |
_bPearson Education _aNew Delhi _c2002 |
||
| 300 | _a856 | ||
| 546 | _aEng. | ||
| 650 |
_aComputer _vHistory and applications , Predicate Calculus , Heuristic search |
||
| 942 | _cBK | ||
| 999 |
_c2892 _d2892 |
||